Mistakes Yakko made Quiz Stats

 Plays Quiz not verified by Sporcle

Score 0/93 Timer 12:00
0 Plays Today
Hint Answer % Correct
Countries he missedCentral African Republic
72.7%
Non-countries he includedGreenland (territory of Denmark)
70.5%
Non-countries he includedPuerto Rico (territory of the United States)
70.5%
Non-countries he includedCaribbean (region/sea)
68.3%
Non-countries he includedScotland (part of the UK)
67.6%
Non-countries he includedGuam (territory of the United States)
66.9%
Countries he missedNorth Korea (sung as Korea)
65.5%
Countries he missedSouth Korea (sung as Korea)
65.5%
Wrong country namesZaire (Democratic Republic of the Congo)
65.5%
Non-countries he includedSan Juan (city)
64.7%
Non-countries he includedCzechoslovakia (dissolved in 1993)
64.7%
Non-countries he includedYugoslavia (dissolved in the 1990s)
64.7%
Non-countries he includedEngland (part of the UK)
62.6%
Wrong country namesKorea (split into North and South)
60.4%
Wrong country namesTobago (Trinidad and Tobago)
59.8%
Non-countries he includedBermuda (overseas territory of the UK)
59%
Non-countries he includedAsia (continent)
58.3%
Wrong country namesRepublic Dominican (Dominican Republic)
58.3%
Wrong country namesKampuchea (Cambodia)
58.3%
Wrong country namesBoth Yemens (Yemen)
56.8%
Non-countries he includedFrench Guiana (overseas department of France)
55.4%
Non-countries he includedHong Kong (city)
55.4%
Non-countries he includedTransylvania (part of Romania)
55.4%
Countries he missedGeorgia
55.4%
Wrong country namesDahomey (now it's Benin, which is interestingly included too)
55.4%
Wrong country namesCongo (Republic of Congo)
55.4%
Countries he missedAzerbaijan
54.7%
Non-countries he includedTibet (part of China)
54%
Non-countries he includedBorneo (island divided between Brunei, Malaysia and Indonesia)
54%
Countries he missedArmenia
54%
Non-countries he includedCayman (overseas territory of the UK)
53.2%
Hint Answer % Correct
Countries he missedTurkmenistan
53.2%
Wrong country namesNew Guinea (Papua New Guinea)
53.2%
Non-countries he includedSumatra (part of Indonesia)
51.8%
Non-countries he includedAbu Dhabi (city)
51.8%
Countries he missedKazakhstan
51.8%
Countries he missedKyrgyzstan
51.8%
Countries he missedUzbekistan
51.8%
Countries he missedVatican City
51.8%
Non-countries he includedCrete (part of Greece)
51.1%
Countries he missedLatvia
51.1%
Non-countries he includedAlgier (city)
50.4%
Countries he missedTajikistan
50.4%
Countries he missedBelarus
49.6%
Countries he missedUkraine
49.6%
Countries he missedCroatia (sung as Yugoslavia)
48.9%
Countries he missedLithuania
48.9%
Countries he missedAndorra
48.2%
Countries he missedSerbia (sung as Yugoslavia)
48.2%
Countries he missedAntigua and Barbuda
46.8%
Countries he missedSan Marino
46.8%
Countries he missedSt. Kitts and Nevis
46.8%
Countries he missedKosovo
46%
Countries he missedSlovenia (sung as Yugoslavia)
46%
Countries he missedSlovakia (sung as Czechoslovakia)
46%
Countries he missedMacedonia (sung as Yugoslavia)
45.3%
Countries he missedSouth Africa
45.3%
Non-countries he includedMahore (overseas department of France)
44.6%
Countries he missedDominica
44.6%
Countries he missedSouth Sudan
44.6%
Countries he missedSt. Lucia
44.6%
Countries he missedCape Verde
43.9%
Hint Answer % Correct
Countries he missedCzech Republic (sung as Czechoslovakia)
43.9%
Countries he missedMarshall Islands
43.9%
Countries he missedMoldova
43.9%
Countries he missedMontenegro (sung as Yugoslavia)
43.9%
Countries he missedSt. Vincent and the Grenadines
43.9%
Countries he missedGrenada
43.2%
Countries he missedBosnia and Herzegovina (sung as Yugoslavia)
42.4%
Countries he missedPalau
42.4%
Countries he missedTuvalu
42.4%
Countries he missedComoros
41.7%
Countries he missedSolomon Islands
41.7%
Countries he missedVanuatu
41.7%
Countries he missedTimor-Leste
41%
Countries he missedSamoa
40.3%
Countries he missedSeychelles
40.3%
Countries he missedTonga
40.3%
Countries he missedBrunei
39.6%
Countries he missedKiribati
39.6%
Countries he missedMicronesia
39.6%
Countries he missedNauru
38.8%
Countries he missedUnited Arab Emirates
38.8%
Countries he missedCote d'Ivoire
37.4%
Countries he missedMaldives
37.4%
Countries he missedMauritius
37.4%
Countries he missedSingapore
37.4%
Countries he missedEritrea
36.7%
Countries he missedBurkina Faso
35.3%
Countries he missedEquatorial Guinea
35.3%
Countries he missedUnited Kingdom (sung as Scotland and England)
35.3%
Countries he missedSão Tomé and Príncipe
34.5%
Wrong country namesIsreal (Israel)
30.9%

You're not logged in!

Compare scores with friends on all Sporcle quizzes.
OR
Log In

Show Comments

Extras

Top Quizzes Today


Score Distribution

Your Account Isn't Verified!

In order to create a playlist on Sporcle, you need to verify the email address you used during registration. Go to your Sporcle Settings to finish the process.

Report this User

Report this user for behavior that violates our Community Guidelines.

Details: